Fire safety risk assessment (Record no. 106649)

MARC details
000 -LEADER
fixed length control field 01489cam a2200253 4500
001 - CONTROL NUMBER
control field L137121
008 - FIXED-LENGTH DATA ELEMENTS--GENERAL INFORMATION
fixed length control field 070315s2006 xxk f 000 0 eng d
020 ## - INTERNATIONAL STANDARD BOOK NUMBER
International Standard Book Number 9781851128259
035 ## - SYSTEM CONTROL NUMBER
System control number (Sirsi) u137121
041 0# - LANGUAGE CODE
Language code of text/sound track or separate title eng
050 04 - LIBRARY OF CONGRESS CALL NUMBER
Classification number 692.21 $2 18
110 2# - MAIN ENTRY--CORPORATE NAME
Corporate name or jurisdiction name as entry element United Kingdom
Subordinate unit Department for Communities and Local Government
9 (RLIN) 4939
245 00 - TITLE STATEMENT
Title Fire safety risk assessment
Remainder of title transport premises and facilities
260 ## - PUBLICATION, DISTRIBUTION, ETC.
Place of publication, distribution, etc. London
Name of publisher, distributor, etc. Department for Communities and Local Government
Date of publication, distribution, etc. 2006
300 ## - PHYSICAL DESCRIPTION
Extent 159p.
Other physical details ill.
Dimensions 30cm.
490 #0 - SERIES STATEMENT
Series statement DCLG Fire Safety Risk Assessment
505 2# - FORMATTED CONTENTS NOTE
Formatted contents note Identify fire hazards -- Identify people at risks -- Evaluate, remove, reduce and protect from risk -- Record plan, inform, instruct and train -- Review -- Further guidance on fire risks and preventative measures -- Fire-detection and warning systems -- Firefighting equipment and facilities -- Escape routes and strategies -- Emergency escape lighting -- Signs and notices -- Recording, planning, informing, instructing and training -- Quality assurance of fire protection equipment and installation
520 ## - SUMMARY, ETC.
Summary, etc. Instructs on what has to be done to comply with fire safety law, carrying out a fire risk assessment, and identifying the general fire precautions that need to be in place.
590 ## - LOCAL NOTE (RLIN)
Local note KA
650 24 - SUBJECT ADDED ENTRY--TOPICAL TERM
Topical term or geographic name entry element REGULATORY REFORM (FIRE SAFETY) ORDER 2005
651 #4 - SUBJECT ADDED ENTRY--GEOGRAPHIC NAME
Geographic name England and Wales
Chronological subdivision 1543-
690 ## - LOCAL SUBJECT ADDED ENTRY--TOPICAL TERM (OCLC, RLIN)
Topical term or geographic name as entry element MANAGEMENT-HEALTH AND SAFETY-FIRE SAFETY-FIRE RISK ASSESSMENT
942 ## - ADDED ENTRY ELEMENTS (KOHA)
Suppress in OPAC 0
Holdings
Withdrawn status Lost status Source of classification or shelving scheme Damaged status Not for loan Home library Current library Shelving location Date acquired Cost, normal purchase price Total Checkouts Full call number Barcode Date last seen Date last checked out Copy number Cost, replacement price Price effective from Koha item type
    Dewey Decimal Classification     London London Folio 05/09/2007 10.20 2 F692.21 DEP 30073714 06/08/2019 28/01/2008 1 10.20 06/08/2019 Book